Statistiques concernant Les gares de RER et de Transilien

Cliquez ici pour prendre le quiz!

Statistiques générales

  • Ce quiz a été pris 3 827 fois
    (354 depuis la dernière actualisation)
  • Le résultat moyen est 174 sur 511

Réponses sur la Carte

Les réponses sont colorées sur une échelle allant du rouge au vert en fonction du pourcentage des utilisateurs qui les ont devinées à leur premier essai. Vous pouvez retrouver ces pourcentages ci-dessous.
 

Statistiques - réponses

LigneGare% Correct
A | B | DChâtelet - Les Halles
86%
B | KGare du Nord
86%
A | D | RGare-de-Lyon
83%
L | ULa Défense
80%
ALa Défense (Grande Arche)
80%
AAuber
77%
D | HGare du Nord
77%
ANation
69%
PParis-Est
69%
ANanterre-Préfecture
68%
ACharles-de-Gaulle - Étoile
66%
A | LNanterre-Université
66%
J | LParis-Saint-Lazare
65%
A | JPoissy
65%
ASaint-Germain-en-Laye
65%
B | C | VMassy - Palaiseau
64%
D | HSaint-Denis
64%
B | CSaint-Michel - Notre-Dame
64%
AMarne-la-Vallée - Chessy (Parcs Disneyland)
62%
CParis-Austerlitz
62%
AVincennes
62%
A | LCergy-le-Haut
61%
A | LCergy-Préfecture
61%
BLuxembourg (Sénat)
61%
C | N | U | VVersailles-Chantiers
60%
BDenfert-Rochereau (Colonel Rol-Tanguy)
59%
NParis-Montparnasse
59%
D | RMelun
58%
C | H | JPontoise
58%
CBibliothèque François-Mitterrand
57%
JLe Stade
57%
BAntony
56%
ATorcy
56%
BCité Universitaire
55%
C | DJuvisy
55%
JArgenteuil
54%
ABoissy-Saint-Léger
54%
D | HCreil
54%
B | KAulnay-sous-Bois
53%
EMagenta
53%
J | NMantes-la-Jolie
53%
CSaint-Ouen
53%
DÉvry-Courcouronnes
52%
DÉvry (Val-de-Seine)
52%
BPort-Royal
52%
BSaint-Rémy-lès-Chevreuse
52%
A | LSartrouville
51%
BAéroport Charles-de-Gaulle 2 TGV
50%
A | LCergy-Saint-Christophe
50%
ERosa-Parks
50%
BAéroport Charles-de-Gaulle 1
49%
BArcueil - Cachan
49%
CInvalides
49%
LPont-Cardinet
49%
BSevran - Beaudottes
49%
J | LAsnières-sur-Seine
48%
CIssy
48%
ARueil-Malmaison
48%
A | EVal de Fontenay
48%
LVersailles-Rive-Droite
48%
A | LAchères-Ville
47%
CJavel
47%
BLa Plaine - Stade de France (Saint-Denis - Aubervilliers)
47%
A | LMaisons-Laffitte
47%
NMeudon
47%
B | KMitry - Claye
47%
ANanterre-Ville
47%
ENoisy-le-Sec
47%
BParc des Expositions
47%
BRobinson
47%
BBagneux
46%
A | J | LConflans-Fin-d'Oise
46%
CDourdan
46%
AFontenay-sous-Bois
46%
BGentilly
46%
PMeaux
46%
CMusée d'Orsay
46%
EPantin
46%
L | UPuteaux
46%
BVillepinte
46%
BBourg-la-Reine
45%
AChampigny (Saint-Maur)
45%
BDrancy
45%
CÉtampes
45%
BLaplace
45%
BLe Bourget
45%
A | LNeuville-Université
45%
ANogent-sur-Marne
45%
CPont de l'Alma (Musée du Quai Branly - Jacques-Chirac)
45%
BSceaux
45%
AVal d'Europe (Serris - Montévrain)
45%
C | N | USaint-Quentin-en-Yvelines (Montigny-le-Bretonneux)
44%
EBondy
43%
ABussy-Saint-Georges
43%
JColombes
43%
EHaussmann - Saint-Lazare
43%
CIvry-sur-Seine
43%
AAchères - Grand-Cormier
42%
E | PChelles - Gournay
42%
DCorbeil-Essonnes
42%
CÉpinay-sur-Seine
42%
C | H | JErmont - Eaubonne
42%
A | J | LHouilles - Carrières-sur-Seine
42%
BLe Blanc-Mesnil
42%
ALe Vésinet - Le Pecq
42%
NRambouillet
42%
L | USaint-Cloud
42%
CSaint-Martin-d'Étampes
42%
E | PTournan
42%
JConflans-Sainte-Honorine
41%
ANeuilly-Plaisance
41%
ANoisy - Champs (Champy - Nesles)
41%
CBrétigny
40%
BGif-sur-Yvette
40%
B | CMassy - Verrières
40%
ANoisiel (Le Luzard)
40%
C | N | USaint-Cyr
40%
CVitry-sur-Seine
40%
NClamart
39%
AJoinville-le-Pont
39%
BParc de Sceaux
39%
CPont du Garigliano (Hôpital européen Georges-Pompidou)
39%
JBois-Colombes
38%
LCourbevoie
38%
NDreux
38%
BFontenay-aux-Roses
38%
CGennevilliers
38%
BLa Courneuve - Aubervilliers
38%
N | ULa Verrière
38%
ANoisy-le-Grand-Mont d'Est
38%
BOrsay-Ville
38%
BPalaiseau
38%
C | HSaint-Ouen-l'Aumône
38%
N | UTrappes
38%
DVilleneuve-Saint-Georges
38%
CChamp de Mars - Tour Eiffel
37%
DGoussainville
37%
C | NViroflay-Rive-Gauche
37%
ABry-sur-Marne
36%
AChatou - Croissy
36%
DCréteil-Pompadour
36%
DGarges - Sarcelles
36%
BLes Baconnets
36%
ALognes (Le Mandinet)
36%
DMalesherbes
36%
LMontreuil
36%
DPierrefitte - Stains
36%
CPorte de Clichy
36%
ERosny-sous-Bois
36%
ASaint-Maur - Créteil
36%
L | USuresnes-Mont-Valérien
36%
JVal-d'Argenteuil
36%
CChoisy-le-Roi
35%
JGisors
35%
BLa Croix de Berny
35%
PProvins
35%
CSavigny-sur-Orge
35%
BSevran - Livry
35%
CBoulainvilliers
34%
ALe Parc de Saint-Maur
34%
ALe Vésinet-Centre
34%
BLozère (École polytechnique)
34%
RMontargis
34%
CNeuilly - Porte Maillot
34%
CPereire - Levallois
34%
NVanves - Malakoff
34%
CVersailles-Château-Rive-Gauche
34%
LBécon-les-Bruyères
33%
BBures-sur-Yvette
33%
CChaville - Vélizy
33%
LClichy - Levallois
33%
CDourdan - La Forêt
33%
EGagny
33%
DStade de France - Saint-Denis
33%
CAthis-Mons
32%
CAvenue Foch
32%
BFontaine Michalon
32%
JHerblay
32%
LLa Garenne-Colombes
32%
BLe Guichet
32%
JLes Mureaux
32%
COrly-Ville
32%
ERosny-Bois-Perrier
32%
ASucy - Bonneuil
32%
LViroflay-Rive-Droite
32%
CAvenue du Président-Kennedy
31%
CAvenue Henri-Martin
31%
PCoulommiers
31%
PEsbly
31%
CIssy - Val de Seine
31%
LLe Val d'Or
31%
DLe Vert de Maisons
31%
DMaisons-Alfort - Alfortville
31%
JMantes-Station
31%
RMontereau
31%
BPalaiseau - Villebon
31%
CSainte-Geneviève-des-Bois
31%
DVilleneuve-Triage
31%
PChâteau-Thierry
30%
CLes Ardoines
30%
CPorchefontaine
30%
DRis-Orangis
30%
CSaint-Michel-sur-Orge
30%
NSèvres-Rive-Gauche
30%
BVert-Galant
30%
BVilleparisis - Mitry-le-Neuf
30%
DViry-Châtillon
30%
CArpajon
29%
L | UChaville-Rive-Droite
29%
KCrépy-en-Valois
29%
DGrigny-Centre
29%
BLa Hacquinière
29%
ALa Varenne - Chennevières
29%
CLes Grésillons
29%
LLes Vallées
29%
DLouvres
29%
C | HMontigny - Beauchamp
29%
DOrry-la-Ville - Coye
29%
CSaint-Gratien
29%
C | HSaint-Ouen-l'Aumône-Liesse
29%
JSannois
29%
JVernon - Giverny
29%
CAblon
28%
NChaville-Rive-Gauche
28%
JCormeilles-en-Parisis
28%
HEnghien-les-Bains
28%
VJouy-en-Josas
28%
LLa Celle-Saint-Cloud
28%
LMarly-le-Roi
28%
CMeudon-Val-Fleury
28%
ENogent - Le Perreux
28%
NPlaisir - Grignon
28%
CPont de Rungis - Aéroport d'Orly
28%
JUs
28%
VBièvres
27%
DBrunoy
27%
BCourcelle-sur-Yvette
27%
EÉmerainville - Pontault-Combault
27%
CÉpinay-sur-Orge
27%
CÉtréchy
27%
ELe Chénay-Gagny
27%
DLe Mée
27%
EOzoir-la-Ferrière
27%
HPersan - Beaumont
27%
USèvres – Ville-d'Avray
27%
LSèvres - Ville-d'Avray
27%
DSurvilliers - Fosses
27%
DVigneux-sur-Seine
27%
CVilleneuve-le-Roi
27%
DVilliers-le-Bel - Gonesse - Arnouville
27%
EVilliers-sur-Marne - Le Plessis-Trévise
27%
DYerres
27%
JAndrésy
26%
C | HCernay
26%
JChanteloup-les-Vignes
26%
J | NÉpône - Mézières
26%
RFontainebleau - Avon
26%
VIgny
26%
ELe Raincy - Villemomble - Montfermeil
26%
ELes Boullereaux-Champigny
26%
CLes Saules
26%
DLieusaint - Moissy
26%
CRungis - La Fraternelle
26%
PVaires - Torcy
26%
DChantilly - Gouvieux
25%
CChemin d'Antony
25%
PCrécy-la-Chapelle
25%
HÉpinay - Villetaneuse
25%
C | HFranconville - Le Plessis-Bouchard
25%
EGretz-Armainvilliers
25%
PLa Ferté-sous-Jouarre
25%
DLe Bras de Fer - Évry - Génopole
25%
LLouveciennes
25%
CMarolles-en-Hurepoix
25%
C | HPierrelaye
25%
ERoissy-en-Brie
25%
LSaint-Nom-la-Bretèche - Forêt de Marly
25%
HSarcelles - Saint-Brice
25%
JVernouillet - Verneuil
25%
DCesson
24%
CChamarande
24%
JChars
24%
NCoignières
24%
JÉragny - Neuville
24%
NHoudan
24%
DLa Ferté-Alais
24%
ELes Yvris-Noisy-le-Grand
24%
JOsny
24%
VPetit Jouy - Les Loges
24%
NPlaisir - Les Clayes
24%
JTriel-sur-Seine
24%
LVaucresson
24%
JVillennes-sur-Seine
24%
JAubergenville-Élisabethville
23%
NBellevue
23%
LBougival
23%
DCombs-la-Ville - Quincy
23%
LGarches - Marnes-la-Coquette
23%
PLa Ferté-Milon
23%
JLa Frette - Montigny
23%
PLagny - Thorigny
23%
CLardy
23%
JLes Clairières de Verneuil
23%
NLes Essarts-le-Roi
23%
JLimay
23%
HLuzarches
23%
JMaurecourt
23%
JSaint-Ouen-l'Aumône-Quartier de l'Église
23%
PTrilport
23%
NVillepreux - Les Clayes
23%
HAuvers-sur-Oise
22%
DBoussy-Saint-Antoine
22%
CBreuillet-Village
22%
KCompans
22%
CÉgly
22%
JGargenville
22%
HLa Barre - Ormesson
22%
DLes Noues
22%
DMontgeron - Crosne
22%
DSavigny-le-Temple - Nandy
22%
HTaverny
22%
HValmondois
22%
DVosves
22%
RBois-le-Roi
21%
KDammartin - Juilly - Saint-Mard
21%
HDeuil - Montmagny
21%
HErmont-Halte
21%
NFontenay-le-Fleury
21%
JIssou - Porcheville
21%
DLa Borne Blanche
21%
NLe Perray
21%
DMaisse
21%
JMeulan - Hardricourt
21%
DOrangis - Bois de l'Épine
21%
JRosny-sur-Seine
21%
KThieux - Nantouillet
21%
VVauboyen
21%
JBoissy-l'Aillerie
20%
JBonnières
20%
CBouray
20%
RChartrettes
20%
DLe Coudray-Montceaux
20%
LL'Étang-la-Ville
20%
PLongueville
20%
DMennecy
20%
HMéry-sur-Oise
20%
PNangis
20%
PNanteuil - Saâcy
20%
HSaint-Leu-la-Forêt
20%
JSanteuil - Le Perchay
20%
JVaux-sur-Seine
20%
DVillabé
20%
DBallancourt
19%
HÉcouen - Ézanville
19%
DEssonnes - Robinson
19%
PLizy-sur-Ourcq
19%
HMontsoult - Maffliers
19%
JThun-le-Paradis
19%
JTrie-Château
19%
HBessancourt
18%
DBoigneville
18%
DBoissise-le-Roi
18%
DBoutigny
18%
DBuno - Gironville
18%
HChampagne-sur-Oise
18%
HChamp de courses d'Enghien (Commune de Soisy-sous-Montmorency)
18%
JChaumont-en-Vexin
18%
PCrouy-sur-Ourcq
18%
HDomont
18%
RDordives
18%
HGroslay
18%
JJuziers
18%
CLa Norville - Saint-Germain-lès-Arpajon
18%
PMarles-en-Brie
18%
NMaule
18%
PMormant
18%
KNanteuil-le-Haudouin
18%
DSaint-Fargeau
18%
PVerneuil-l'Étang
18%
NBeynes
17%
CBreuillet - Bruyères-le-Châtel
17%
HFrépillon
17%
DGrand Bourg
17%
HGros Noyer - Saint-Prix
17%
RHéricy
17%
RLa Grande-Paroisse
17%
JLavilletertre
17%
KLe Plessis-Belleville
17%
DLe Plessis-Chenet
17%
RLivry-sur-Seine
17%
PMareuil-sur-Ourcq
17%
HMériel
17%
NMontfort-l'Amaury - Méré
17%
JMontgeroult - Courcelles
17%
PMortcerf
17%
PMouroux
17%
HNointel - Mours
17%
KOrmoy-Villers
17%
DPonthierry - Pringy
17%
HPont-Petit
17%
CSermaise
17%
HSeugy
17%
RSouppes – Château-Landon
17%
RThomery
17%
HViarmes
17%
RVulaines-sur-Seine – Samoreau
17%
RBagneaux-sur-Loing
16%
HBouffémont - Moisselles
16%
RChampagne-sur-Seine
16%
PCouilly - Saint-Germain - Quincy
16%
HÉpluches
16%
JLiancourt-Saint-Pierre
16%
HL'Isle-Adam - Parmain
16%
PMontry - Condé
16%
DMoulin-Galant
16%
RNemours – Saint-Pierre
16%
HPresles-Courcelles
16%
CSaint-Chéron
16%
RSaint-Mammès
16%
PVilliers - Montbarbin
16%
NVilliers - Neauphle - Pontchartrain
16%
RFerrières – Fontenay
15%
RFontaine-le-Port
15%
NGarancières - La Queue
15%
RMoret-Veneux-les-Sablons
15%
NOrgerus - Béhoust
15%
HSaint-Leu-d'Esserent
15%
NTacoignières - Richebourg
15%
HBelloy - Saint-Martin
14%
HBoran-sur-Oise
14%
RBourron-Marlotte – Grez
14%
PChampbenoist - Poigny
14%
PChangis - Saint-Jean
14%
HChaponval
14%
PFaremoutiers - Pommeuse
14%
RFontainebleau-Forêt
14%
PGuérard - La Celle-sur-Morin
14%
NMareil-sur-Mauldre
14%
RMontigny-sur-Loing
14%
NNézel - Aulnay
14%
PSainte-Colombe-Septveilles
14%
HVillaines
14%
HBruyères-sur-Oise
13%
PChézy-sur-Marne
13%
PIsles - Armentières - Congis
13%
NMarchezais - Broué
13%
PNogent-l'Artaud - Charly
13%
HVaucelles
13%
RVernou-sur-Seine
13%
HPrécy-sur-Oise
12%

Distribution des résultats

Percentile par nombre de réponses

% des personnes avec chaque résultat

Votre développement - résultats

Vous n’avez pas pris ce quiz depuis la dernière actualisation